| 000 | 01744nam a22003137a 4500 | ||
|---|---|---|---|
| 005 | 20140224120244.0 | ||
| 008 | 140224s2007 ck abdogr|||| 00| 0 spa d | ||
| 041 | _aspa | ||
| 044 | _ack | ||
| 082 |
_a558.098 _bC82o |
||
| 110 | 2 |
_aCORPOAMAZONIA _99689 |
|
| 245 | 1 |
_aOpción Amazónica _cCORPOAMAZONIA ; Edición Alejandro Toro Guerrero, Luis Eduardo Cerón |
|
| 260 | 3 |
_aMocoa _bCORPOAMAZONIA _c2007 |
|
| 300 |
_ap. 66 _bil., fot., mapas, gráficas, tablas _c28 cm |
||
| 500 | _aEnfoque en los Mopa-mopa (Elaeagia pastoensis Mora) con la excepción del capitulo final en el municipio de Mocoa, departamento del Putumayo | ||
| 504 | _aContiene bibliografía al final de cada capitulo; excepto el capitulo final | ||
| 505 | 2 | _aIdentificación y Caracterización p. 5 ; Estudio de propagación vegetativa por estacas, esquejes y acodos aéreos p. 15 ; Diagnóstico socio-económico de la cadena forestal productiva p. 27 ; Estudio de variables ecológicas p. 41 ; Evaluación del potencial acuicola del Bagre Rayado (Pseudoplatystoma fasciatum) a diferentes densidades de siembre, en el Centro Experimental Amazónico (CEA) de CORPOAMAZONIA p. 61 | |
| 650 |
_aElaeagia pastoensis Mora _vRevista _xMopa-mopa _zMocoa, Colombia _99842 |
||
| 650 |
_aCiencia _vRevista _zMocoa, Colombia _99843 |
||
| 650 |
_aCultura _vRevista _zMocoa, Colombia _99844 |
||
| 700 | 1 |
_aToro Guerrero, Alejandro _eEdición _99845 |
|
| 700 | 1 |
_aCerón, Luis Eduardo _eEdición _99694 |
|
| 700 | 1 |
_aLópez Dueñas, Fernando _efot. _99695 |
|
| 700 | 1 |
_aToro Guerrero, Alejandro _efot. _99846 |
|
| 700 | 1 |
_aGómez, Carlos Alberto _efot. _99697 |
|
| 700 | 1 |
_aGalindez Cuayal, Ximena _efot. _99698 |
|
| 700 | 1 |
_aAponte Castilla, Daniel Mauricio _efot. _99699 |
|
| 942 |
_2ddc _cImpreso |
||
| 999 |
_c8135 _d8135 |
||